000 00355nam a22001457a 4500
008 240205b ||||| |||| 00| 0 eng d
020 _a1932610219
041 _aeng
080 _2SEVENTH EDITION
_a61
082 _a61EDE
100 _a4
101 _aMJKP
245 _aDIAGNOSIS AND MANAGEMENT OF TYPE 2 DIABETES
_cSTEVEN ,V.EDELMAN
942 _2udc
_cBK
999 _c60573
_d60573